Premiers of British Colombia - Statistics

General Stats
  • This quiz has been taken 7 times
  • The average score is 11 of 37
Answer Stats
Years Served Party Premier % Correct
2011 - 2017 Liberal Christy Clark
100%
2022 - Present New Democratic David Eby
100%
1996 - 1999 New Democratic Glen Clark
100%
2001 - 2011 Liberal Gordon Campbell
100%
2017 - 2022 New Democratic John Horgan
100%
1991 - 1996 New Democratic Mike Harcourt
100%
1947 - 1952 Liberal Boss Johnson
67%
1999 - 2000 New Democratic Dan Miller
67%
1872 - 1874 Nonpartisan Amor De Cosmos
33%
1975 - 1986 Social Credit Bill Bennett
33%
1986 - 1991 Social Credit Bill Vander Zalm
33%
1972 - 1975 New Democratic Dave Barrett
33%
1941 - 1947 Liberal John Hart
33%
1903 - 1915 Conservative Richard McBride
33%
1991 Social Credit Rita Johnston
33%
1928 - 1933 Conservative Simon Fraser Tolmie
33%
1933 - 1941 Liberal Thomas Dufferin Pattullo
33%
2000 - 2001 New Democratic Ujjal Dosanjh
33%
1952 - 1972 Social Credit W. A. C. Bennett
33%
1915 - 1916 Conservative William John Bowser
33%
1887 - 1889 Nonpartisan Alexander Edmund Batson Davie
0%
1876 - 1878 Nonpartisan Andrew Charles Elliott
0%
1898 - 1900 Nonpartisan Charles Augustus Semlin
0%
1902 - 1903 Nonpartisan Edward Gawler Prior
0%
1874 - 1876 Nonpartisan George Anthony Walkem
0%
1878 - 1882 Nonpartisan George Anthony Walkem
0%
1916 - 1918 Liberal Harlan Carey Brewster
0%
1900 - 1902 Nonpartisan James Dunsmuir
0%
1927 - 1928 Liberal John Duncan MacLean
0%
1871 - 1872 Nonpartisan John Foster McCreight
0%
1895 - 1898 Nonpartisan John Herbert Turner
0%
1918 - 1927 Liberal John Oliver
0%
1889 - 1892 Nonpartisan John Robson
0%
1900 Nonpartisan Joseph Martin
0%
1882 - 1883 Nonpartisan Robert Beaven
0%
1892 - 1895 Nonpartisan Theodore Davie
0%
1883 - 1887 Nonpartisan William Smithe
0%
No matching quizzes found
Score Distribution
Percent of People with Each Score
Percentile by Number Answered
Your Score History
You have not taken this quiz